000 00256nam a22001097a 4500
008 170120b xxu||||| |||| 00| 0 eng d
020 _a9780766822252
041 _aeng
080 _a618.2
245 _aNURSING PROCESS IN ACTION
_cGARDNER, P
942 _2udc
_cBK
999 _c3230
_d3230